000 00971cab a2200289 4500
001 ABS55735
008 090401t1996 xxu||||| |||| 00| 0 eng d
035 _a(Sirsi) u18432
041 _aeng
100 _aFanning, D.
245 _aAccounting for change
260 _c1996
350 _a0
490 _aEstates Gazette
_v(96330 17 August 1996, 38-40(3)
520 _aIndustry profile on accountancy discusses professional liability, auditing practices, the threat to small firms and sole practitioners with increasing numbers of mergers and domination by large firms such as KPMG. League table of top six practices detailing fee income.
650 _aACCOUNTANCY
650 _aAUDITING
650 _aFEE INCOME
650 _aLEAGUE TABLE
650 _aLIABILITY
650 _aNEGLIGENCE
650 _aRANKING
650 _aSOLE PRACTITIONERS
690 _aMANAGEMENT-BUSINESS MANAGEMENT-PROFESSIONAL PRACTICE
942 _n0
948 _c04/03/1997
999 _c12251
_d12251